Mi vida de maestro : premios /
Salvato in:
| Autore principale: | |
|---|---|
| Natura: | Sconosciuto |
| Soggetti: | |
| Tags: |
Aggiungi Tag
Nessun Tag, puoi essere il primo ad aggiungerne!!
|
MARC
| LEADER | 000000000a22000000004500 | ||
|---|---|---|---|
| 001 | 004383 | ||
| 100 | 1 | |a García Segura, Guillermo | |
| 245 | 1 | 0 | |a Mi vida de maestro : |b premios / |c Guillermo García Segura. |
| 310 | |a semestral | ||
| 650 | 4 | |a FRAGMANTO | |
| 650 | 4 | |a LITERATURA COSTARRICENSE | |
| 773 | 0 | |x 1409-2263 |d Costa Rica : Editorial de la Universidad Nacional |t Imágenes |g número 7 (1997), páginas 119-121 | |
| 942 | |c ARC | ||
| 999 | |c 11366 |d 11366 | ||
